000 00760cam a22002531 4500
001 1267
003 BD-RjUL
005 20211208233314.0
008 131125r19651951nyu b 000 0 eng
035 _a(BD-RjUL)1289
040 _aDLC
_cDLC
_dDLC
_dBD-RjUL
_beng
041 _aeng
082 0 0 _a616.8
_bHON 1951
100 1 _aHorney, Karen,
_d1885-1952.
_93741
245 1 0 _aNeurosis and human growth :
_bthe struggle toward selfrealization /
_c Karen Horney
260 _aLondon :
_bRoutledge & Kegan Paul,
_c1951 [Reprinted 1965].
300 _a391 p. ;
_c22 cm.
504 _aBibliography: p. 379-380.
650 0 _aNeuroses.
_93742
650 0 _aSelf-actualization (Psychology)
_93743
942 _2ddc
_cBK
999 _c1267
_d1267